header

Needs of the present, challenges for the future (Record no. 117021)

MARC details
000 -LEADER
fixed length control field 01910nam a2200373Ia 4500
245 00 - TITLE STATEMENT
Title Needs of the present, challenges for the future
260 ## - PUBLICATION, DISTRIBUTION, ETC. (IMPRINT)
Place of publication Washington, D.C. :
Name of publisher World Bank,
Year of publication c2008.
300 ## - PHYSICAL DESCRIPTION
Number of Pages xxi, 271 p. :
Other physical details ill.
490 1# - SERIES STATEMENT
Series statement International political risk management ;
500 ## - GENERAL NOTE
General note "Based on a symposium held November 5, 2006, under the joint auspices of the Multilateral Investment Guarantee Agency (MIGA) of the World Bank Group and the Karl F. Landegger Program in International Business Diplomacy at the School of Foreign Service, Georgetown University"--Preface.
650 #0 - SUBJECT ADDED ENTRY--TOPICAL TERM
Topical Term Investment guaranty insurance
Topical Term Risk (Insurance)
Topical Term Risk management
700 1# - ADDED ENTRY--PERSONAL NAME
Personal name Moran, Theodore H.,
Personal name West, Gerald T.
Personal name Martin, Geral-Keith.
856 40 - ELECTRONIC LOCATION AND ACCESS
Uniform Resource Identifier http://site.ebrary.com/lib/rucke/Doc?id=10197134

No items available.

© 2026 Rongo University
Contact us: librarian | system librarian | Rongo university